American vs. British English: Word with different Meaning - Statistics

General Stats
  • This quiz has been taken 276 times
  • The average score is 7 of 15
Answer Stats
British Word Answer American Word % Correct
Crisps Chips Fries
98%
Trousers Pants Underpants
82%
Soft Bun Biscuit Cookie
75%
Jam Jelly Jell-O
66%
Angry Mad Crazy
61%
(Hand) Bag Purse Wallet
50%
Asphalt Pavement Sidewalk
49%
Tram Trolley Shopping Cart
42%
Camp Bed Cot Crib
37%
Bank Note Bill Check
34%
Offended Pissed Drunk
31%
Coffin Casket Jewelry Box
24%
Braces Suspenders Garters
22%
Pancake Flapjack Oat Bar
15%
Marrow Squash Juice Drink
8%
No matching quizzes found
Score Distribution
Percent of People with Each Score
Percentile by Number Answered
Your Score History
You have not taken this quiz